000
00241nam a22000977a 4500
082
_a
621.391 COM'P
245
_a
COMPUTER BASICS INTRODUCTION TO ANALOG COMPUTERS
250
_a
VOL-1-6
260
_a
NEWYORK
_b
HOWARD W. SONS
_c
1962
942
_c
BK
999
_c
567696
_d
567696